00677nam a2200157 a 450000100060000000300090000600800410001504000280005608200160008410000170010024500330011726000370015030000070018750502940019465000310048822553CO-ViMGA141112s2004 ck r 000 u spa d aCO-ViMGAbspacCO-ViMGA04a748.5 P173c1 aPascual, Eva10aConservar y restaurar vidrio aBarcelona : bParramón, c2005 a96 aTipos de vidrio : vidrio soplado, vidrio moldeado, vidrio colado 10 - 18 - - Decoraciones : tallada, gravado, esmaltado, serigrafiado 19 - 23 - - Deterioros : Manchas, suciedad, rayas, desgaste 24 - 32 - - Restauración básica 52 - 72 - - Exposición : Iluminacion del vidrio 74 - 82 14aVIDRIO ARTISTICO - TECNICA